01772nam a2200193 a 450000100080000000500110000800800410001910000250006024500830008526000260016830000100019452012730020465300160147765300110149365300150150465300230151970000160154270000200155811206532014-04-23 1998 bl uuuu t 00u1 u #d1 aSILVA J??NIOR, A. A. aCaracteriza????o de dist??rbios nutricionais em cebola.h[electronic resource] aItaja??: Epagric1998 a47 p. aSanta Catarina ?? um dos maiores produtores de cebola do Brasil. No entanto, o uso indiscriminado de insumos acabou invariavelmente gerando uma queda generalizada na produ????o, cujo surto foi denominado decl??nio da cebola. Foi desenvolvido na Esta????o Experimental de Itaja?? um experimento em hidroponia visando avaliar sintomas de defici??ncias de macro e micronutrientes em cebola, em vasos com solu????o nutritiva completa e com os nutrientes faltantes. Utilizou-se o delineamento completamente casualizado, com quatro repeti????es e a unidade experimental composta de tr??s plantas. Foram testadas tamb??m n??veis mais elevados de alum??nio, ferro, mangan??s, pot??ssio e f??sforo visando observar-se sintomas de fitotoxidez. Utilizou-se como solu????o padr??o completa a de Hoagland. Os resultados caracterizam defici??ncias de N, P, K, Ca, S e Fe, conforme observados em outras esp??cies. Alguns micronutrientes n??o manifestaram sintomas de defici??ncias provavelmente por contamina????o da ??gua. N??o se verificou toxidez de ferro at?? os n??veis de 2000 ppm. O sintoma de toxidez de alum??nio afetou drasticamente o sistema radicular, afetando tamb??m a absor????o dos demais nutrientes. A toxidez de pot??ssio ocorreu principalmente pelo efeito salino. aAllium cepa aCebola aHidroponia aNutri????o vegetal1 aSOPRANO, E.1 aVIZZOTTO, V. J.